Normal view
MARC view
- Nooranne, Sajjl
Entry Personal Name
001 - CONTROL NUMBER
- control field: 130697
003 - CONTROL NUMBER IDENTIFIER
- control field: NUST
005 - DATE AND TIME OF LATEST TRANSACTION
- control field: 20250925112840.0
008 - FIXED-LENGTH DATA ELEMENTS
- fixed length control field: 250925|| aca||aabn | a|a d
040 ## - CATALOGING SOURCE
- Original cataloging agency: NUST
- Transcribing agency: NUST
100 ## - HEADING--PERSONAL NAME
- Personal name: Nooranne, Sajjl
670 ## - SOURCE DATA FOUND
- Source citation: Work cat.: (NUST): Nooranne, Sajjl, Trust in Technology: Conditions for Platform-based Institutions to Foster Community Trust/
